Coprilfuoco /

সংরক্ষণ করুন:
গ্রন্থ-পঞ্জীর বিবরন
প্রধান লেখক: Donati, Danilo (লেখক)
বিন্যাস: গ্রন্থ
ভাষা:ইতালিয়
প্রকাশিত: Roma : Newton & Compton, 2001
মালা:Nuova narrativa Newton ; 28
ট্যাগগুলো: ট্যাগ যুক্ত করুন
কোনো ট্যাগ নেই, প্রথমজন হিসাবে ট্যাগ করুন!

MARC

LEADER 00000nam a22000007i 4500
001 IT\ICCU\VIA\0086659
003 ItRI
005 20240927233944.0
008 010524s2001 it |||||| ||||| |||||c
020 |a 8882895351 
040 |b ita  |c CT 
041 7 |a ita  |2 ISO-639-2 
082 |a 853.92  |2 14 
100 1 |a Donati, Danilo  |0 IT\ICCU\MILV\162080  |4 aut 
245 1 0 |a Coprilfuoco /  |c Danilo Donati. 
260 |a Roma :  |b Newton & Compton,  |c 2001 
300 |a 237 p. ;  |c 24 cm 
830 0 |a Nuova narrativa Newton ;  |v 28  |0 IT\ICCU\RAV\0296747 
942 |2 ddc  |c BK 
952 |0 0  |1 0  |2 ddc  |4 0  |6 853_920000000000000_DON_COP  |7 1  |9 2062  |a GE  |b GE  |d 2024-09-27  |l 0  |o 853.92 DON COP  |p 1257  |r 2024-09-27 23:40:55  |w 2024-09-27  |x Donazione di Alvaro Bazzano  |y BK  |z Donazione AB 
981 1 |6 z01  |a i   |b xxxe  
982 1 |6 z01  |a n 
999 |c 1807  |d 1807